La isla de la Paragua (Record no. 39791)

MARC details
000 -LEADER
campo de control de longitud fija 00740nam a2200205 i 4500
001 - NÚMERO DE CONTROL
campo de control 39791
003 - IDENTIFICADOR DE NÚMERO DE CONTROL
campo de control ES-MaACL
005 - FECHA Y HORA DE LA ÚLTIMA TRANSACCIÓN
campo de control 20230906160101.0
007 - CAMPO FIJO DE DESCRIPCIÓN FÍSICA--INFORMACIÓN GENERAL
campo de control de longitud fija t|
008 - DATOS DE LONGITUD FIJA--INFORMACIÓN GENERAL
campo de control de longitud fija 030304s1888 sp ||||1| spa d
080 ## - NÚMERO DE LA CLASIFICACIÓN DECIMAL UNIVERSAL
Número de la Clasificación Decimal Universal 908(599.18 Palawan)
100 1# - ENTRADA PRINCIPAL--NOMBRE DE PERSONA
Nombre de persona Canga-Argüelles y Villalba, Felipe.
9 (RLIN) 34498
245 13 - MENCIÓN DEL TÍTULO
Título La isla de la Paragua
Resto del título : estudio geográfico-político-social /
Mención de responsabilidad, etc. Felipe Canga Argüelles y Villalba.
260 ## - PUBLICACIÓN, DISTRIBUCIÓN, ETC.
Lugar de publicación, distribución, etc. Madrid :
Nombre del editor, distribuidor, etc. [s.n.],
Fecha de publicación, distribución, etc. 1888 (
Fabricante Estab. Tip. de Fortanet)
300 ## - DESCRIPCIÓN FÍSICA
Extensión 88 p. ;
Dimensiones 24 cm.
530 ## - NOTA DISPONIBLE DE FORMULARIO FÍSICO ADICIONAL
Nota de formato físico adicional disponible Disponible en formato digital.
651 #4 - PUNTO DE ACCESO ADICIONAL DE MATERIA--NOMBRE GEOGRÁFICO
Nombre geográfico Palawan-
Subdivisión general Descripción.
9 (RLIN) 153833
852 ## - LOCALIZACIÓN
Ubicación ES-MaACL
Número de control de estantería T-535-F-5
856 ## - LOCALIZACIÓN Y ACCESO ELECTRÓNICOS
Identificador Uniforme de Recursos <a href="http://bdh-rd.bne.es/viewer.vm?id=0000091472&page=1 ">http://bdh-rd.bne.es/viewer.vm?id=0000091472&page=1 </a>
Nota pública Biblioteca Digital Hispánica
Holdings
Estatus retirado Estado de pérdida Estado de daño No para préstamo Colección Biblioteca de origen Biblioteca actual Ubicación en estantería Fecha de adquisición Fuente de adquisición Total de préstamos Signatura topográfica completa Código de barras Visto por última vez Precio de reemplazo Tipo de ítem Koha
        Colección de folletos Biblioteca del Ateneo de Madrid Biblioteca del Ateneo de Madrid Depósito folletos 17/01/2008     T-535-F-5 1041902 23/02/2023 23/02/2023 Folleto